000 00962nam a2200265Ia 4500
003 OSt
005 20221005111820.0
006 a|||||r|||| 00| 0
007 ta
008 221004b |||||||| |||| 00| 0 san d
024 _a31742
037 _cTextual
040 _aCRL
_cCRL
_bsan
041 _2san
_asan
082 _aP15:3, L1
100 _aह्निटने, डब्ल्यू. डी.
_9159397
245 0 _aसंस्कृत व्याकरण प्रथम भाग
246 _aSanskṛut vyākaraṇ pratham bhāga
250 _aप्रथम संस्करण
260 _aलखनऊ
_bउत्तर प्रदेश हिन्दी ग्रंथ अकादमी भारत
_c1971
300 _a240पृ.
_ccm.
650 _aहिन्दी भाषा
942 _hP15:3, L1
_cTEXL
_2cc
999 _c1023002
_d1023002